UM Logo

Instructional module on special crime investigation/ (Record no. 690)

MARC details
000 -LEADER
fixed length control field 00603nam a22001697a 4500
008 - FIXED-LENGTH DATA ELEMENTS--GENERAL INFORMATION
fixed length control field 160116b xxu||||| |||| 00| 0 eng d
020 ## - INTERNATIONAL STANDARD BOOK NUMBER
International Standard Book Number 978-971-9617-25-9
082 ## - DEWEY DECIMAL CLASSIFICATION NUMBER
Classification number DFil 363.25
Item number V71i
100 ## - MAIN ENTRY--PERSONAL NAME
9 (RLIN) 1846
Personal name Villaluz, Joner C.
245 ## - TITLE STATEMENT
Title Instructional module on special crime investigation/
Statement of responsibility, etc. Joner C. Villaluz
260 ## - PUBLICATION, DISTRIBUTION, ETC. (IMPRINT)
Place of publication, distribution, etc. Quezon City:
Name of publisher, distributor, etc. Wiseman's Books Trading, Inc.,
Date of publication, distribution, etc. c2014.
300 ## - PHYSICAL DESCRIPTION
Extent ii, 223 pages;
Other physical details illustrations;
Dimensions 22 cm.
500 ## - GENERAL NOTE
General note Includes bibliographical references.
650 #0 - SUBJECT ADDED ENTRY--TOPICAL TERM
9 (RLIN) 1848
Topical term or geographic name as entry element Criminal Investigation
Geographic subdivision Philippines.
700 ## - ADDED ENTRY--PERSONAL NAME
9 (RLIN) 3012
Personal name Rodriguez, Rex C.
942 ## - ADDED ENTRY ELEMENTS (KOHA)
Source of classification or shelving scheme Dewey Decimal Classification
Koha item type Filipiniana
Holdings
Withdrawn status Lost status Source of classification or shelving scheme Damaged status Not for loan Collection code Home library Current library Date acquired Source of acquisition Total Checkouts Full call number Barcode Date last seen Copy number Price effective from Koha item type Shelving location Date last checked out
    Dewey Decimal Classification     Filipiniana UM Digos College - LIC UM Digos College - LIC 12/02/2015 Purchased   DFil 363.25 V71 2014 23881 12/05/2017 1 01/16/2016 Filipiniana    
    Dewey Decimal Classification     Filipiniana UM Digos College - LIC UM Digos College - LIC 12/02/2015 Purchased 5 DFil 363.25 V71 2014 23882 09/16/2019 2 01/16/2016 Filipiniana Book Cart 12/19/2018
    Dewey Decimal Classification     Filipiniana UM Digos College - LIC UM Digos College - LIC 12/02/2015 Purchased 18 DFil 363.25 V71 2014 23883 05/15/2025 3 01/16/2016 Filipiniana Book Cart 12/19/2019